[Event "Uralsk op"]
[Site "Uralsk"]
[Date "2023.07.24"]
[Round "5"]
[White "Onoglu, Ali"]
[Black "Pankratov, Artem"]
[Result "1-0"]
[WhiteElo "1448"]
[BlackElo "1430"]
[PlyCount "83"]
[EventDate "2023.07.21"]
[EventType "swiss"]
[EventRounds "9"]
[EventCountry "KAZ"]
[SourceTitle "EXT 2024"]
[Source "ChessBase"]
[SourceDate "2023.10.10"]
[SourceVersion "1"]
[SourceVersionDate "2023.10.10"]
[SourceQuality "1"]

1. e4 e5 2. Nf3 Nc6 3. Bc4 Be7 4. d4 exd4 5. c3 Nf6 6. e5 Ne4 7. Bd5 Ng5 8. Nxg5 Bxg5 9. Qh5 0-0 10. Qxg5 dxc3 11. Qxd8 Rxd8 12. Nxc3 Nxe5 13. 0-0 c6 14. f4 Nd3 15. Bc4 Nxc1 16. Raxc1 d5 17. Bd3 b6 18. Rfe1 Kf8 19. b4 g6 20. Ne2 Bb7 21. Nd4 Rac8 22. Nb3 Rc7 23. f5 Rdc8 24. fxg6 hxg6 25. Nd4 a6 26. Rf1 Kg7 27. Rf2 c5 28. bxc5 bxc5 29. Nf3 Re7 30. Re2 Rec7 31. Rf2 Re7 32. Rcf1 Re3 33. Ng5 f5 34. Bb1 Kf6 35. h4 d4 36. Bxf5 gxf5 37. Rxf5+ Kg6 38. Nf7 Rg3 39. Ne5+ Kh6 40. Rf6+ Kh5 41. R1f5+ Kxh4 42. Rf7 1-0